00836mam a2200229 a 4500008004100000020002100041050001800062100003800080245014400118250001200262260005300274263001000327300002100337500002400358650003600382650004000418653005700458740006400515003000100579005001700580040000900597  a0853659893 (hbk)0 aREF Z1006 MON1 aMontgomery, A. C.q(Alan Charles)10aAcronyms & abbreviations in library & information work :ba reference handbook of British usage /ccompiled and edited by A. C. Montgomery. a4th ed. aLondon :bLibrary Association Publishing,c1990. a9011. a250 p. ;c22 cm. aPrevious ed.: 1986. 0aLibrary sciencexAbbreviations. 0aInformation sciencexAbbreviations. aLibrarianship & information science - Abbreviations.0 aAcronyms and abbreviations in library and information work.20230120191426.0 cNUST